Horrific Sequels Quiz Stats

 Plays Quiz Updated Oct 21, 2018

Score 0/20 Timer 05:00
0 Plays Today
Sequel Original % Correct
Bride of (Title)Frankenstein
91.1%
(Title) Part VIII: Jason Takes ManhattanFriday the 13th
90.2%
Bride of ChuckyChild's Play
86.4%
Wes Craven's New NightmareA Nightmare on Elm Street
79.9%
Damien: (Title) IIThe Omen
79.4%
(Title): Election YearThe Purge
75.4%
PrometheusAlien
72.6%
(Title) 2: The New BatchGremlins
70.8%
Dawn of the DeadNight of the Living Dead
67.1%
Army of DarknessEvil Dead
61.8%
Sequel Original % Correct
(Title) III: Season of the WitchHalloween
58.8%
(Title): Back 2 tha HoodLeprechaun
45.7%
Book of Shadows: (Title) 2Blair Witch Project
38.1%
The Rage: (Title) 2Carrie
36.6%
(Title): The Marked OnesParanormal Activity
28.7%
(Title) II: The Other SidePoltergeist
26.6%
(Title): The Last KeyInsidious
25.8%
Dominion: Prequel to (Title)The Exorcist
22.3%
(Title)'s DaughterDracula
20%
Night of the SeagullsTombs of the Blind Dead
3.8%

You're not logged in!

Compare scores with friends on all Sporcle quizzes.
OR
Log In

Sporcle TV

Today on Sporcle TV


Watch our educational content, quiz creation guides, and fun videos on Sporcle TV.

Show Comments

Extras

Top Quizzes Today


Score Distribution

Your Account Isn't Verified!

In order to create a playlist on Sporcle, you need to verify the email address you used during registration. Go to your Sporcle Settings to finish the process.

Report this User

Report this user for behavior that violates our Community Guidelines.

Details: